Jagiellonowie - nagła śmierć - Statystyki

Ogólne statystyki
  • Ten quiz został rozwiązany 50 razy
  • Średni wynik to 5 z 7
Answers on the Grid
Answers color-coded by a green-red scale on the quiz's grid according to % correct below.
Aleksander I Jagiellończyk
Henryk Walezy
Jan I Olbracht
Jan II Kazimierz
Jan III Sobieski
Kazimierz IV Jagiellończyk
Stefan Batory
Władysław I Łokietek
Władysław II Jagiełło
Władysław III Warneńczyk
Zygmunt I Stary
Zygmunt II August
 
Statystyki odpowiedzi
Odpowiedź % Poprawnych
Aleksander I Jagiellończyk
98%
Władysław II Jagiełło
90%
Kazimierz IV Jagiellończyk
85%
Zygmunt I Stary
75%
Zygmunt II August
68%
Władysław III Warneńczyk
63%
Jan I Olbracht
60%
Nie znaleziono quizów pasujących do podanych kryteriów
Rozkład punktacji
Procent ludzi z każdym wynikiem
Percentyl według liczby udzielonych odpowiedzi
Twoja historia wyników
Nie rozwiązałeś tego quizu